Hypotekárne financovanie v podmienkach SR na príklade Tatrabanky diplomová práca

Gespeichert in:
Bibliographische Detailangaben
1. Verfasser: Čulen, Tomáš
Körperschaft: Národohospodárska fakulta EU. Katedra financií
Weitere Verfasser: Horvátová, Eva, 1958-
Format: Buch
Sprache:Slowakisch
Veröffentlicht: Bratislava 2010
Tags: Tag hinzufügen
Keine Tags, Fügen Sie das erste Tag hinzu!

MARC

LEADER 00000nam$a2200000$$$4500
001 0118878
005 20240318122247.5
041 0 |a slo 
044 |a SK 
245 1 0 |a Hypotekárne financovanie v podmienkach SR na príklade Tatrabanky  |b diplomová práca  |c Tomáš Čulen ; škol. Eva Horvátová 
264 1 |a Bratislava  |c 2010 
300 |a 51 s. 
100 1 |a Čulen, Tomáš 
700 1 |a Horvátová, Eva, 1958- 
710 2 |a Národohospodárska fakulta EU. Katedra financií